000 00572nam a2200193 a 4500
005 20140310183428.0
008 071126s19uu xx uuu eng d
020 _a0130835366
050 _aRJ 499
_b.W45 2000
100 _aNelson, Rita Wicks
245 _aBehavior disorders of childhood /
_cRita Wicks-Nelson.
260 _aUpper Saddle River, New Jersey :
_bPrentice-Hall, Inc,
_c2000.
300 _a544 p. :
_bill. col. ;
_c24 cm.
521 _aPSYCH
650 _aChild psychopathology.
700 _aIsrael, Allen C.
942 _cBK
_2lcc
_kFOR
999 _c22688
_d22688